Assassin’s Creed Games Main Protagonist - Statistics

General Stats
  • This quiz has been taken 29 times
  • The average score is 14 of 17
Answer Stats
Hint Answer % Correct
AC II Ezio Auditore da Firenze
100%
AC: Brotherhood Ezio Auditore da Firenze
100%
AC: Revelations Ezio Auditore da Firenze
100%
AC IV: Black Flag Edward Kenway
88%
AC I Altair Ibn-La’Ahad
83%
AC Unity Arno Dorian
83%
AC Syndicate Jacob Frye
83%
AC Origins Bayek of Siwa
79%
AC III Connor Kenway
79%
AC Rogue Shay Cormac
79%
AC Syndicate pt. 2 Evie Frye
75%
AC Odyssey pt. 2 Kassandra
75%
AC Mirage Basim Ibn Ishaq
71%
AC Valhalla Eivor
71%
AC Shadows pt. 2 Yasuke
71%
AC Odyssey Alexios
67%
AC Shadows Naoe
50%
No matching quizzes found
Score Distribution
Percent of People with Each Score
Percentile by Number Answered
Your Score History
You have not taken this quiz